000 00661nam a22002177a 4500
003 UA-OsUOA
001 83313
007 ta
008 20120409b un ||||| |||| 00| 0 ukr d
100 _aТарношинська Л.
090 _a82
_bТ21
942 _cSA
040 _aUA-OsUOA
_bukr
_cUA-OsUOA
_dUA-OsUOA
245 _aУкраїнське шістдесятництво в "духовній ситуації" своєї доби: синергетичний вимір
300 _aС.19-38
955 _a0
041 _aukr
080 _a82
773 0 _w83311
650 7 _a82 Література. Літературознавство
_2UDC
999 _c369629
_d369629